[Event "45th Olympiad 2024"]
[Site "Budapest HUN"]
[Date "2024.09.18"]
[Round "7.28"]
[White "Di Berardino, Diego Rafael"]
[Black "Ilkhomi, Jaloliddin"]
[Result "0-1"]
[WhiteElo "2472"]
[BlackElo "2227"]
[TimeControl "40/5400+30:1800+30\""]
[EventDate "2024.09.11"]
[Board "3"]
[WhiteFideId "2105446"]
[BlackFideId "14700948"]
[WhiteTeam "Brazil"]
[BlackTeam "Tajikistan"]

1. e4 e6 2. d4 d5 3. Nc3 Bb4 4. e5 c5 5. a3 Bxc3+ 6. bxc3 Qa5 7. Bd2 Qa4 8.
Qg4 g6 9. h4 h5 10. Qf4 Qxc2 11. Nf3 Nc6 12. Ng5 Nh6 13. Qf6 O-O 14. Qf4
cxd4 15. cxd4 Qb2 16. Rd1 Qxd4 17. Nxe6 Bxe6 18. Qxd4 Nxd4 19. Bxh6 Nc2+
20. Kd2 Rfc8 21. a4 Na3 22. Ra1 Nc4+ 23. Bxc4 dxc4 24. Kc3 Rc5 25. Rhe1 Rd8
26. Rad1 Rcd5 27. Rxd5 Rxd5 28. Re3 Rd1 29. Bg5 Kf8 30. Re2 Rd3+ 31. Kc2
Bf5 32. Kb2 Ke8 33. Ka2 Be6 34. Kb1 Bd5 35. f3 Kd7 36. Rd2 Ke6 37. Rxd3
cxd3 38. a5 Kxe5 39. Be3 b6 40. axb6 axb6 41. Kc1 b5 42. Kd2 Bc4 43. Kc3 f6
44. Bd2 Kf5 45. Kd4 g5 46. g3 gxh4 47. gxh4 Ke6 48. Bc3 Bd5 49. Ke3 Kf5 50.
Bd2 Bb7 51. Bc3 Ba8 52. Bd2 Ke6 53. Bc3 Bd5 54. Bd2 Bxf3 55. Kxf3 Kd5 56.
Ke3 Kc4 57. Ke4 f5+ 58. Ke3 f4+ 59. Ke4 b4 60. Bxb4 f3 61. Ke3 f2 0-1

[Event "45th Olympiad 2024"]
[Site "Budapest HUN"]
[Date "2024.09.18"]
[Round "7.28"]
[White "Kabilov, Amin"]
[Black "Do Valle Cardoso, Lucas"]
[Result "0-1"]
[WhiteElo "2212"]
[BlackElo "2364"]
[TimeControl "40/5400+30:1800+30\""]
[EventDate "2024.09.11"]
[Board "4"]
[WhiteFideId "14700859"]
[BlackFideId "2163144"]
[WhiteTeam "Tajikistan"]
[BlackTeam "Brazil"]

1. d4 Nf6 2. Nf3 g6 3. c4 Bg7 4. Nc3 O-O 5. e4 d6 6. Be2 e5 7. O-O Bg4 8.
d5 a5 9. Be3 Na6 10. Rb1 b6 11. Qc2 Nc5 12. b3 Bd7 13. Nd2 Nh5 14. Bxh5
gxh5 15. a3 f5 16. exf5 Bxf5 17. Nde4 Qe8 18. Rbe1 Qg6 19. f3 Bh6 20. Bxh6
Qxh6 21. b4 Nxe4 22. fxe4 Bg6 23. Rxf8+ Rxf8 24. c5 axb4 25. axb4 bxc5 26.
bxc5 Qf4 27. c6 h4 28. h3 Rb8 29. Qf2 Qxf2+ 30. Kxf2 Rb3 31. Re3 Kf7 32. g3
hxg3+ 33. Rxg3 Rb4 34. Re3 Kf6 35. h4 Bh5 36. Kg3 Rb3 37. Nd1 0-1

[Event "45th Olympiad 2024"]
[Site "Budapest HUN"]
[Date "2024.09.18"]
[Round "7.29"]
[White "Gascon Del Nogal, Jose Rafael"]
[Black "Kozak, Adam"]
[Result "1/2-1/2"]
[WhiteElo "2454"]
[BlackElo "2609"]
[TimeControl "40/5400+30:1800+30\""]
[EventDate "2024.09.11"]
[Board "1"]
[WhiteFideId "3902463"]
[BlackFideId "753246"]
[WhiteTeam "Venezuela"]
[BlackTeam "Hungary B"]

1. d4 Nf6 2. c4 e6 3. g3 d5 4. Nf3 dxc4 5. Bg2 c6 6. O-O b5 7. Ne5 Bb7 8.
a4 a6 9. b3 cxb3 10. Qxb3 Be7 11. Bb2 O-O 12. Nd2 Nd5 13. Rfc1 Qc8 14. e4
Nc7 15. Ba3 bxa4 16. Qxa4 Bxa3 17. Rxa3 Nb5 18. Rd3 Nd7 19. Nxd7 Qxd7 20.
Nb3 Ra7 21. e5 Ba8 22. Nc5 Qe7 23. h4 Rd8 24. Rdd1 h6 25. Be4 a5 26. Bb1 h5
27. Rd3 g6 28. Rc4 Kg7 29. Rf3 Rxd4 30. Rxd4 Qxc5 31. Rd8 Qb4 32. Qc2 Qe7
33. Rd1 c5 34. Rf4 Qb7 35. f3 Nd4 36. Qf2 Nxf3+ 37. Kf1 Nxe5 38. Be4 Qb3
39. Re1 Ng4 40. Qxc5 Qxg3 41. Rxg4 hxg4 42. Qxa7 Qh3+ 43. Ke2 Qh2+ 44. Kd3
Qg3+ 45. Qe3 Bxe4+ 46. Kxe4 Qxh4 47. Qc3+ Kg8 48. Qc8+ Kg7 49. Qc3+ Kg8 50.
Qc8+ Kg7 51. Qc3+ 1/2-1/2

[Event "45th Olympiad 2024"]
[Site "Budapest HUN"]
[Date "2024.09.18"]
[Round "7.29"]
[White "Banusz, Tamas"]
[Black "Ynojosa Aponte, Felix Jose"]
[Result "1-0"]
[WhiteElo "2605"]
[BlackElo "2398"]
[TimeControl "40/5400+30:1800+30\""]
[EventDate "2024.09.11"]
[Board "2"]
[WhiteFideId "722413"]
[BlackFideId "3900258"]
[WhiteTeam "Hungary B"]
[BlackTeam "Venezuela"]

1. Nf3 c5 2. c4 Nf6 3. g3 b6 4. Bg2 Bb7 5. O-O e6 6. Nc3 Be7 7. d4 cxd4 8.
Qxd4 d6 9. Rd1 Nbd7 10. Nb5 d5 11. cxd5 Bxd5 12. Bf4 O-O 13. Rac1 Bc5 14.
Qa4 Ne4 15. e3 Ndf6 16. Nc7 Ng4 17. Nxd5 exd5 18. Rc2 Re8 19. Qb3 Qf6 20.
Rxd5 Nexf2 21. Rxf2 Rxe3 22. Qc2 Re1+ 23. Nxe1 Bxf2+ 24. Kh1 Re8 25. Nf3
Be3 26. Bxe3 Nxe3 27. Qe2 Qc6 28. Rd3 Nxg2 29. Qxg2 Qc4 30. Qd2 Qxa2 31.
Rd8 Qa4 32. Qd7 Qxd7 33. Rxd7 h6 34. Rxa7 Re2 35. b3 g5 36. Nd4 Re4 37. Rd7
h5 38. Kg2 g4 39. Kf2 1-0

[Event "45th Olympiad 2024"]
[Site "Budapest HUN"]
[Date "2024.09.18"]
[Round "7.29"]
[White "Escalona Landi, Samid Eduardo"]
[Black "Prohaszka, Peter"]
[Result "0-1"]
[WhiteElo "2305"]
[BlackElo "2542"]
[TimeControl "40/5400+30:1800+30\""]
[EventDate "2024.09.11"]
[Board "3"]
[WhiteFideId "3937437"]
[BlackFideId "726265"]
[WhiteTeam "Venezuela"]
[BlackTeam "Hungary B"]

1. e4 c6 2. d4 d5 3. exd5 cxd5 4. c4 Nf6 5. Nc3 Nc6 6. Nf3 e6 7. c5 Be7 8.
Bb5 O-O 9. O-O Bd7 10. Re1 a6 11. Bxc6 Bxc6 12. Ne5 Nd7 13. Nxc6 bxc6 14.
b4 Bf6 15. Rb1 Re8 16. f4 g6 17. Be3 Bg7 18. Qd2 Nf6 19. h3 Ne4 20. Qc2 f5
21. a4 Qh4 22. Rf1 Reb8 23. Nxe4 fxe4 24. Kh2 Qe7 25. Rb3 Rf8 26. Rfb1 g5
27. fxg5 e5 28. Qd2 exd4 29. Bxd4 Be5+ 30. Kg1 Qg7 31. Rd1 Rf5 32. b5 axb5
33. axb5 Raf8 34. Rb4 cxb5 35. h4 Qc7 36. Bxe5 Qxe5 37. Qd4 Qg3 38. Rxb5 e3
39. Rb7 Rf1+ 0-1

[Event "45th Olympiad 2024"]
[Site "Budapest HUN"]
[Date "2024.09.18"]
[Round "7.29"]
[White "Antal, Gergely"]
[Black "Castro Torres, Jose Luis"]
[Result "1-0"]
[WhiteElo "2544"]
[BlackElo "2299"]
[TimeControl "40/5400+30:1800+30\""]
[EventDate "2024.09.11"]
[Board "4"]
[WhiteFideId "717312"]
[BlackFideId "3901831"]
[WhiteTeam "Hungary B"]
[BlackTeam "Venezuela"]

1. e4 c5 2. Nf3 Nc6 3. Bb5 e6 4. Bxc6 bxc6 5. d3 Ne7 6. Nbd2 Ng6 7. h4 h5
8. e5 f6 9. Qe2 Qc7 10. Nc4 d5 11. exd6 Bxd6 12. Nfd2 Be7 13. Ne4 e5 14.
Be3 Nf4 15. Bxf4 exf4 16. Ned6+ Kf8 17. Nxc8 Rxc8 18. O-O-O Rd8 19. Rde1 g6
20. Qf3 Kf7 21. Re4 Rd4 22. Re2 Rhd8 23. Rhe1 Bf8 24. a3 R8d7 25. Kb1 Re7
26. Rxe7+ Bxe7 27. c3 Rd5 28. Re4 f5 29. Qxf4 Qxf4 30. Rxf4 Kg7 31. Kc2 g5
32. hxg5 Bxg5 33. Rf3 Kg6 34. Rh3 f4 35. Nd2 Re5 36. Kd1 Be7 37. Nf3 Rd5
38. Ke2 Bf6 39. Rh1 Rd7 40. Nd2 Rb7 41. Nc4 Kg5 42. Kf3 Rd7 43. Rd1 Kf5 44.
Na5 Rc7 45. Rd2 Rc8 46. Nb3 Be7 47. d4 Rb8 48. Na5 Rb6 49. Nc4 Rb8 50. Re2
Bf6 51. dxc5 Rb3 52. Nd6+ Kg5 53. Ne4+ Kf5 54. Nxf6 Kxf6 55. Kxf4 a5 56.
Ke4 a4 57. Kd3 Kf5 58. g3 Rb5 59. f3 Kf6 60. g4 h4 61. f4 Rb8 62. Rh2 Rh8
63. Ke4 Rh7 64. Kf3 Ke6 65. Rd2 Rh8 66. Kg2 Rf8 67. Rd4 Rb8 68. Rb4 Kd5 1-0

[Event "45th Olympiad 2024"]
[Site "Budapest HUN"]
[Date "2024.09.18"]
[Round "7.30"]
[White "Mohammad Fahad, Rahman"]
[Black "Gazik, Viktor"]
[Result "1-0"]
[WhiteElo "2419"]
[BlackElo "2561"]
[TimeControl "40/5400+30:1800+30\""]
[EventDate "2024.09.11"]
[Board "1"]
[WhiteFideId "10207791"]
[BlackFideId "14928752"]
[WhiteTeam "Bangladesh"]
[BlackTeam "Slovakia"]

1. d4 Nf6 2. c4 e6 3. Nf3 d5 4. Nc3 dxc4 5. e4 Bb4 6. Bxc4 Nxe4 7. O-O Nxc3
8. bxc3 Be7 9. Ne5 O-O 10. Qg4 Nc6 11. Bh6 Bf6 12. Rad1 Ne7 13. Rfe1 a6 14.
Bb3 Ng6 15. Bc1 Qd6 16. Qh5 Rd8 17. f4 Qf8 18. Bc2 Bd7 19. Re3 Be8 20. Ng4
Kh8 21. Rh3 Qg8 22. Nxf6 gxf6 23. f5 exf5 24. Bxf5 Rd5 25. c4 Ra5 26. a3
Ra4 27. d5 Qg7 28. Bc2 Kg8 29. Bxa4 Bxa4 30. Rf1 Bd7 31. Rb3 b5 32. Bb2
bxc4 33. Rg3 Rb8 34. Bxf6 Qf8 35. Bd4 Rb6 36. Qe5 1-0

[Event "45th Olympiad 2024"]
[Site "Budapest HUN"]
[Date "2024.09.18"]
[Round "7.30"]
[White "Sahidi, Samir"]
[Black "Hossain, Enamul"]
[Result "1-0"]
[WhiteElo "2474"]
[BlackElo "2354"]
[TimeControl "40/5400+30:1800+30\""]
[EventDate "2024.09.11"]
[Board "2"]
[WhiteFideId "14936372"]
[BlackFideId "10200649"]
[WhiteTeam "Slovakia"]
[BlackTeam "Bangladesh"]

1. e4 c5 2. Nf3 e6 3. d4 cxd4 4. Nxd4 Nc6 5. Nc3 Qc7 6. Be3 a6 7. Qd2 Nf6
8. f3 Be7 9. O-O-O b5 10. Nxc6 dxc6 11. Qf2 O-O 12. g4 Rd8 13. Be2 Rxd1+
14. Rxd1 e5 15. Bb6 Qb7 16. Bc5 h6 17. b3 Be6 18. Kb2 a5 19. a4 Bxc5 20.
Qxc5 Nd7 21. Qd6 b4 22. Nd5 cxd5 23. exd5 Bxg4 24. fxg4 Nf6 25. Bc4 e4 26.
Qf4 Qd7 27. h3 Rd8 28. d6 Qe8 29. g5 hxg5 30. Qxg5 Qf8 31. Qxa5 Rxd6 32.
Rg1 Rc6 33. Qg5 Kh8 34. Kb1 Rc5 35. Qg3 Rf5 36. Rd1 Qe7 37. Re1 g6 38. Qe3
Kg7 39. Qb6 Nd5 40. Qd4+ Nf6 41. Kb2 Kh7 42. Ra1 e3 43. a5 e2 44. Re1 Qc7
45. a6 Rf4 46. Qd3 Qa5 47. Qxe2 Re4 48. Qxe4 Nxe4 49. Rxe4 Qc7 50. Bd3 Qc5
51. Re8 f5 52. Kb1 f4 53. Re6 f3 54. Rxg6 Kh8 55. Rf6 f2 56. Rf7 Kg8 57. a7
Kxf7 58. a8=Q Qe3 59. Qd5+ Kg7 60. h4 Qe1+ 61. Ka2 1-0

[Event "45th Olympiad 2024"]
[Site "Budapest HUN"]
[Date "2024.09.18"]
[Round "7.30"]
[White "Murshed, Niaz"]
[Black "Druska, Juraj"]
[Result "1/2-1/2"]
[WhiteElo "2318"]
[BlackElo "2441"]
[TimeControl "40/5400+30:1800+30\""]
[EventDate "2024.09.11"]
[Board "3"]
[WhiteFideId "10200010"]
[BlackFideId "14915650"]
[WhiteTeam "Bangladesh"]
[BlackTeam "Slovakia"]

1. d4 d5 2. c4 e6 3. Nc3 c6 4. e3 f5 5. Bd3 Bd6 6. Qc2 Nh6 7. f4 O-O 8. Nf3
b6 9. O-O Bb7 10. Rb1 a5 11. Na4 Nd7 12. c5 bxc5 13. dxc5 Bc7 14. b4 e5 15.
Be2 axb4 16. Rxb4 Ba6 17. Nb6 Bxe2 18. Qxe2 Ra7 19. Nxd7 Qxd7 20. Nxe5 Bxe5
21. fxe5 Qe7 22. Qb2 Ng4 23. Rb8 Qxe5 24. Rxf8+ Kxf8 25. Qxe5 Nxe5 26.
Rxf5+ Nf7 27. Rf2 Kg8 28. Rb2 Ne5 29. Rb8+ Kf7 30. Bb2 Nd3 31. Bd4 g5 32.
Rb3 Nc1 33. Rb6 Rxa2 34. Rxc6 Ne2+ 35. Kf1 Nxd4 36. exd4 Rd2 37. Rh6 Rxd4
38. Rxh7+ Kg6 39. Rd7 Rd2 40. g4 Rxh2 41. Rd6+ Kf7 42. Rxd5 Kf6 43. Rf5+
Kg6 44. Rd5 Kf6 45. Rf5+ Kg6 46. Rf2 Rh4 47. Rc2 Rxg4 48. c6 Rf4+ 49. Kg2
Rf8 50. c7 Rc8 51. Kg3 Kf5 52. Rc5+ Ke6 53. Rxg5 1/2-1/2

[Event "45th Olympiad 2024"]
[Site "Budapest HUN"]
[Date "2024.09.18"]
[Round "7.30"]
[White "Kostolansky, Sebastian Lukas"]
[Black "Zia, Tahsin Tajwar"]
[Result "1/2-1/2"]
[WhiteElo "2405"]
[BlackElo "2255"]
[TimeControl "40/5400+30:1800+30\""]
[EventDate "2024.09.11"]
[Board "4"]
[WhiteFideId "14950596"]
[BlackFideId "10211888"]
[WhiteTeam "Slovakia"]
[BlackTeam "Bangladesh"]

1. e4 c6 2. d4 d5 3. e5 c5 4. dxc5 e6 5. Nf3 Bxc5 6. a3 f6 7. b4 Be7 8.
Bb5+ Bd7 9. Bd3 Nc6 10. Bb2 Nh6 11. c4 dxc4 12. Bxc4 Nf7 13. O-O Ncxe5 14.
Nxe5 Nxe5 15. Bxe5 fxe5 16. Qg4 Bf6 17. Rd1 Qe7 18. Nc3 O-O-O 19. Ne4 Kb8
20. Nc5 Bc6 21. Bxe6 Rxd1+ 22. Rxd1 Rd8 23. Rxd8+ Qxd8 24. Bd7 Bxd7 25.
Nxd7+ Kc7 26. Nc5 Qd2 27. g3 b6 28. Ne6+ Kd6 29. Nf8 Qc1+ 30. Kg2 Ke7 31.
Nxh7 Qxa3 32. Qc8 Qd3 33. Qf8+ Ke6 34. Qg8+ Ke7 35. Qf8+ Ke6 36. Qe8+ Kf5
37. Qh5+ Ke6 38. Qe8+ Kf5 39. Qh5+ Ke6 40. Qg4+ Kf7 41. Nxf6 gxf6 42. h4
Qd5+ 43. Kg1 a5 44. bxa5 bxa5 45. h5 Qd3 46. Kg2 Qd5+ 47. Kh2 Qd3 48. Kg1
Qb1+ 49. Kg2 Qd3 50. Kh2 Qc2 51. Qd7+ Kf8 52. Qd6+ Kf7 53. Qd5+ Kg7 54. Qf3
a4 55. Kg2 f5 56. Qb7+ Kh6 57. Qf7 Qe4+ 58. Kh2 Qg4 59. Qf6+ Kxh5 60. Qxe5
Qe4 61. Qf6 1/2-1/2

[Event "45th Olympiad 2024"]
[Site "Budapest HUN"]
[Date "2024.09.18"]
[Round "7.31"]
[White "Camacho Collados, Jose"]
[Black "Tin, Jingyao"]
[Result "0-1"]
[WhiteElo "2352"]
[BlackElo "2580"]
[TimeControl "40/5400+30:1800+30\""]
[EventDate "2024.09.11"]
[Board "1"]
[WhiteFideId "2265427"]
[BlackFideId "5804418"]
[WhiteTeam "Wales"]
[BlackTeam "Singapore"]

1. e4 e5 2. Nc3 Nc6 3. Bc4 Nf6 4. d3 Na5 5. Qf3 Nxc4 6. dxc4 Bb4 7. a3
Bxc3+ 8. Qxc3 d6 9. f3 Be6 10. Be3 O-O 11. Ne2 Nd7 12. g4 a6 13. Ng3 b5 14.
cxb5 axb5 15. Qd2 Rb8 16. Nf5 Nb6 17. Bxb6 Rxb6 18. h4 d5 19. exd5 Bxf5 20.
gxf5 Qd7 21. Rg1 Qxf5 22. Qg5 Qxg5 23. Rxg5 f6 24. Rg4 Ra8 25. O-O-O Kf7
26. c4 f5 27. Rg5 g6 28. c5 Rba6 29. h5 Ra4 30. hxg6+ hxg6 31. Rg2 b4 32.
axb4 Rxb4 33. Kb1 Rc4 34. c6 Rd8 35. Rc2 Rxc2 36. Kxc2 Ke7 37. Rg1 Kd6 38.
Rxg6+ Kxd5 39. Rf6 f4 40. b4 Rb8 41. Kc3 Rb6 42. Rf7 Rxc6+ 43. Kd3 Rc1 44.
b5 Rc5 45. Rd7+ Ke6 46. Rh7 Rxb5 47. Rxc7 Rb2 48. Rc2 Rb8 49. Ke2 Kf5 50.
Rc7 Rb2+ 51. Kf1 Rb8 52. Ke2 Kg5 53. Rg7+ Kf6 54. Ra7 Ke6 55. Ra5 Kf6 56.
Ra7 Kg5 57. Rg7+ Kf5 58. Ra7 Kf6 59. Ra5 Rb2+ 60. Ke1 Kg5 61. Rxe5+ Kh4 62.
Kf1 Kg3 63. Ra5 Rb3 64. Ra2 Rb1+ 65. Ke2 Kg2 66. Ra3 Rb8 67. Rc3 Re8+ 68.
Kd2 Kf2 69. Rd3 Re7 70. Ra3 Rd7+ 71. Kc2 Ke2 72. Rc3 Rd2+ 73. Kc1 Rd3 74.
Rc8 Kxf3 75. Kc2 Rd7 76. Re8 Kf2 77. Kc3 f3 78. Kc2 Kf1 79. Kc3 f2 80. Re6
Rg7 81. Kd2 Kg1 0-1

[Event "45th Olympiad 2024"]
[Site "Budapest HUN"]
[Date "2024.09.18"]
[Round "7.31"]
[White "Siddharth, Jagadeesh"]
[Black "Kozusek, Daniel"]
[Result "1-0"]
[WhiteElo "2514"]
[BlackElo "2367"]
[TimeControl "40/5400+30:1800+30\""]
[EventDate "2024.09.11"]
[Board "2"]
[WhiteFideId "5818320"]
[BlackFideId "349500"]
[WhiteTeam "Singapore"]
[BlackTeam "Wales"]

1. e4 c5 2. Nf3 e6 3. Nc3 Nc6 4. h3 Nge7 5. d4 cxd4 6. Nxd4 Nxd4 7. Qxd4
Nc6 8. Qe3 Be7 9. Qg3 O-O 10. Bf4 d6 11. O-O-O Bh4 12. Qd3 Bg5 13. Bxg5
Qxg5+ 14. Qd2 Qc5 15. Qxd6 Qxf2 16. Bb5 Qb6 17. Rhf1 Bd7 18. Qxd7 Rad8 19.
Bxc6 Rxd7 20. Bxd7 Qe3+ 21. Kb1 a6 22. Ba4 b5 23. Bb3 b4 24. Na4 Qxe4 25.
Nc5 Qa8 26. Rd2 h6 27. Rdf2 Rc8 28. Rxf7 Rxc5 29. Rf8+ Qxf8 30. Bxe6+ Kh7
31. Rxf8 Re5 32. Bg8+ 1-0

[Event "45th Olympiad 2024"]
[Site "Budapest HUN"]
[Date "2024.09.18"]
[Round "7.31"]
[White "Toczek, Grzegorz"]
[Black "Wong, Zhenyong Jayden"]
[Result "1-0"]
[WhiteElo "2301"]
[BlackElo "2397"]
[TimeControl "40/5400+30:1800+30\""]
[EventDate "2024.09.11"]
[Board "3"]
[WhiteFideId "1106457"]
[BlackFideId "5821975"]
[WhiteTeam "Wales"]
[BlackTeam "Singapore"]

1. e4 c5 2. Nc3 e6 3. Nge2 Nc6 4. g3 d5 5. exd5 exd5 6. d4 Nf6 7. Bg2 cxd4
8. Nxd4 Bg4 9. f3 Bd7 10. O-O Be7 11. Be3 O-O 12. Nb3 Re8 13. Bf2 Ne5 14.
Re1 Bb4 15. Qd4 Nc6 16. Qd3 Ne5 17. Qd4 Nc4 18. a3 Rxe1+ 19. Rxe1 Ba5 20.
Nxa5 Qxa5 21. Na2 b6 22. Nb4 Nd6 23. g4 Be6 24. Bf1 Qa4 25. b3 Qd7 26. a4
Rc8 27. Ba6 Rc7 28. Bg3 h6 29. c4 Rc5 30. Nd3 Ra5 31. Bb5 Qc7 32. Rc1 Qe7
33. b4 Nxb5 34. axb5 Ra4 35. c5 bxc5 36. Qxc5 Qe8 37. Ne5 d4 38. Nc6 d3 39.
Qc3 Bd5 40. Qxd3 Ra2 41. Bf2 Qd7 42. Ne7+ Qxe7 43. Rc8+ Ne8 44. Qxd5 Ra1+
45. Kg2 Kh7 46. Qd3+ g6 47. Qe3 Qxe3 48. Bxe3 Nd6 49. Rb8 g5 50. Bc5 Nc4
51. Rb7 Ra2+ 52. Kf1 Rxh2 53. Rxa7 Nd2+ 54. Ke1 Nxf3+ 55. Kd1 Ne5 56. Re7
Nc4 57. b6 Nxb6 58. Bxb6 Kg6 59. Re2 Rh4 60. Re4 Rh3 61. Bc5 h5 62. gxh5+
Kxh5 63. b5 Rc3 64. Be7 g4 65. b6 g3 66. Ke2 Rc2+ 67. Kf1 f5 68. Rh4+ Kg6
69. b7 1-0

[Event "45th Olympiad 2024"]
[Site "Budapest HUN"]
[Date "2024.09.18"]
[Round "7.31"]
[White "Chia, Yu Zhe Ashton"]
[Black "Blackburn, Jonathan L B"]
[Result "1-0"]
[WhiteElo "2224"]
[BlackElo "2202"]
[TimeControl "40/5400+30:1800+30\""]
[EventDate "2024.09.11"]
[Board "4"]
[WhiteFideId "5821304"]
[BlackFideId "1801090"]
[WhiteTeam "Singapore"]
[BlackTeam "Wales"]

1. e4 e6 2. d3 d5 3. Nd2 Nf6 4. Ngf3 Be7 5. g3 a5 6. Bg2 a4 7. a3 c5 8. O-O
Nc6 9. Re1 h6 10. c3 O-O 11. e5 Nh7 12. Nf1 Bd7 13. d4 Na5 14. Bf4 Ng5 15.
dxc5 Nb3 16. Rb1 Nxf3+ 17. Qxf3 Bg5 18. h4 Bxf4 19. Qxf4 Nxc5 20. Rbd1 Bb5
21. Qb4 Bxf1 22. Qxc5 Bc4 23. f4 Ra5 24. Qf2 Rb5 25. Rd2 Qb6 26. Bh3 Qxf2+
27. Kxf2 Rc8 28. Rh1 Rc6 29. Ke3 f5 30. g4 d4+ 31. Rxd4 Rxb2 32. gxf5 Bd5
33. Rc1 Rh2 34. Bf1 Rxh4 35. c4 g5 36. fxg5 hxg5 37. Rcd1 Rxd4 38. Rxd4 Bh1
39. f6 Rb6 40. Rd8+ Kf7 41. Rd7+ Kf8 42. Rh7 Rb3+ 43. Kd4 Bc6 44. Bd3 g4
45. Bg6 Rh3 46. Rc7 1-0

[Event "45th Olympiad 2024"]
[Site "Budapest HUN"]
[Date "2024.09.18"]
[Round "7.32"]
[White "Ben Ammar, Mohamed"]
[Black "Vandenbussche, Thibaut"]
[Result "0-1"]
[WhiteElo "2143"]
[BlackElo "2461"]
[TimeControl "40/5400+30:1800+30\""]
[EventDate "2024.09.11"]
[Board "1"]
[WhiteFideId "5502012"]
[BlackFideId "204412"]
[WhiteTeam "Tunisia"]
[BlackTeam "Belgium"]

1. d4 d6 2. c4 e5 3. Nc3 exd4 4. Qxd4 Nc6 5. Qd2 a5 6. b3 Nf6 7. Bb2 a4 8.
Nd5 Be7 9. f3 O-O 10. Nxe7+ Qxe7 11. e4 Nd7 12. Ne2 Nc5 13. b4 Nxb4 14. Nf4
Qg5 15. g3 Nc6 16. Nd5 Qxd2+ 17. Kxd2 Na6 18. g4 f6 19. Be2 Rf7 20. Rhg1
Nc5 21. Rab1 Ne5 22. Ba3 Ra6 23. h4 c6 24. Ne3 Ra5 25. Kc3 Ne6 26. Bb4 Nf4
27. Bd1 Ra8 28. Bxd6 Be6 29. g5 Rd7 30. c5 Kf7 31. a3 b5 32. h5 h6 33. gxf6
gxf6 34. Rb2 Rb7 35. Rg3 Nxh5 36. Rg1 Nf4 37. Rh1 Rh8 38. Rh4 Nfd3 39. Rb1
b4+ 40. axb4 a3 41. f4 a2 42. Ra1 Ra8 43. Nc2 Nxb4 44. fxe5 Nxc2 45. Bxc2
Ra3+ 46. Kd2 Rg3 47. Rh2 Rb4 48. exf6 Rd4+ 49. Ke2 Rc3 50. Ke1 Bc4 51. Rd2
Re3+ 52. Kd1 Rxd2+ 53. Kxd2 Re2+ 54. Kc3 Be6 55. Be5 h5 56. Rg1 Rg2 57. Ra1
h4 58. Bb3 h3 59. Rf1 Rf2 60. Bxe6+ Kxe6 61. Ra1 Kxe5 62. f7 h2 63. Rxa2
Rf3+ 0-1

[Event "45th Olympiad 2024"]
[Site "Budapest HUN"]
[Date "2024.09.18"]
[Round "7.32"]
[White "Maerevoet, Sim"]
[Black "Meftahi, Houssem"]
[Result "0-1"]
[WhiteElo "2432"]
[BlackElo "2112"]
[TimeControl "40/5400+30:1800+30\""]
[EventDate "2024.09.11"]
[Board "2"]
[WhiteFideId "241725"]
[BlackFideId "5501660"]
[WhiteTeam "Belgium"]
[BlackTeam "Tunisia"]

1. c4 e6 2. Nf3 d5 3. g3 Nf6 4. Bg2 Bd6 5. d4 c6 6. b3 Nbd7 7. Bb2 Qa5+ 8.
Nbd2 Ba3 9. Qc1 Bxb2 10. Qxb2 O-O 11. O-O Re8 12. b4 Qd8 13. Rfc1 b6 14.
cxd5 exd5 15. e3 Bb7 16. Rc2 Rc8 17. a4 Nb8 18. Ne5 Nfd7 19. Nd3 Nf8 20.
Rac1 Re7 21. Bh3 Ne6 22. Nf3 Qe8 23. Qa3 Rd8 24. b5 Rc7 25. bxc6 Rxc6 26.
Nde5 Rxc2 27. Rxc2 f6 28. Nd3 Nc6 29. Nb2 Nf8 30. Bg2 Na5 31. Nh4 Rc8 32.
Rxc8 Qxc8 33. Nd3 g5 34. Nf3 Qd7 35. h4 Nc4 36. Qc3 h6 37. hxg5 hxg5 38.
Nh2 Qxa4 39. Ng4 Qd1+ 40. Kh2 Qxg4 41. e4 Qh5+ 42. Kg1 Qd1+ 43. Kh2 Qd2 44.
Qb3 Na5 45. Qb5 Bc6 46. Qb1 dxe4 47. Nb4 Qxd4 48. Qa2+ Kg7 49. Qa3 Bb7 50.
Nc2 Qc5 0-1

[Event "45th Olympiad 2024"]
[Site "Budapest HUN"]
[Date "2024.09.18"]
[Round "7.32"]
[White "Taieb, Sahbi"]
[Black "Hovhannisyan, Mher"]
[Result "0-1"]
[WhiteElo "2118"]
[BlackElo "2414"]
[TimeControl "40/5400+30:1800+30\""]
[EventDate "2024.09.11"]
[Board "3"]
[WhiteFideId "5500770"]
[BlackFideId "13300865"]
[WhiteTeam "Tunisia"]
[BlackTeam "Belgium"]

1. d4 d5 2. c4 e6 3. Nc3 a6 4. cxd5 exd5 5. Bf4 Nf6 6. e3 Bd6 7. Bg3 O-O 8.
Bd3 Re8 9. Qc2 Nc6 10. Be2 Nb4 11. Qd1 Bf5 12. Rc1 Ne4 13. Bxd6 cxd6 14. a3
Nxc3 15. Rxc3 Na2 16. Bf3 Nxc3 17. bxc3 Qa5 18. Qb3 Be4 19. Ne2 Qb5 20. Qa2
Rac8 21. O-O Qc4 22. Qb2 b5 23. Rc1 a5 24. h3 Rc7 25. Rd1 Rb8 26. Bxe4 dxe4
27. d5 Re8 28. Rd4 Qc5 29. Ng3 Rce7 30. a4 bxa4 31. Nxe4 a3 32. Qb3 Qc7 33.
Nd2 Rc8 34. Rc4 Qb8 35. Qxa3 Rxc4 36. Nxc4 Ra7 37. Nxd6 h6 38. Nc4 Qb5 39.
Qd6 Rd7 40. Qc6 Qxd5 41. Nxa5 Qxc6 42. Nxc6 Rc7 43. Nd4 Rxc3 44. g3 g6 45.
Kg2 Kg7 46. Kf3 Kf6 47. Ne2 Ra3 48. Nd4 Ra2 49. Ne2 Ke5 50. Nd4 Kd5 51. h4
Kc4 52. Nc6 Ra6 53. Ne5+ Kd5 54. Nd3 Ra5 55. Nf4+ Kc4 56. g4 Kc3 57. h5
gxh5 58. Nxh5 Kd2 59. Ng3 Ke1 60. Ne4 Kf1 61. Kf4 Kg2 62. f3 Ra4 63. Kf5
Kxf3 64. Nd6 Ra5+ 65. Kf6 Ra6 66. Ke5 Rxd6 67. Kxd6 Kxg4 68. e4 h5 69. Ke5
h4 70. Kf6 Kf4 71. e5 h3 72. Kxf7 Kxe5 0-1

[Event "45th Olympiad 2024"]
[Site "Budapest HUN"]
[Date "2024.09.18"]
[Round "7.32"]
[White "Lenaerts, Lennert"]
[Black "Amdouni, Zoubaier"]
[Result "1-0"]
[WhiteElo "2300"]
[BlackElo "2151"]
[TimeControl "40/5400+30:1800+30\""]
[EventDate "2024.09.11"]
[Board "4"]
[WhiteFideId "211435"]
[BlackFideId "5500419"]
[WhiteTeam "Belgium"]
[BlackTeam "Tunisia"]

1. e4 c5 2. Nf3 Nc6 3. Bb5 g6 4. Bxc6 dxc6 5. d3 Bg7 6. h3 Nf6 7. Nc3 Nd7
8. Be3 e5 9. Qd2 h6 10. O-O b6 11. Nh2 Nf8 12. f4 exf4 13. Bxf4 Ne6 14. Bg3
Qg5 15. Qe1 Nd4 16. Nf3 Qe7 17. Qf2 O-O 18. Rae1 Be6 19. e5 f5 20. Nxd4
cxd4 21. Qxd4 Rad8 22. Qa4 b5 23. Qa6 b4 24. Na4 Rd5 25. Bf2 Rxe5 26. Rxe5
Bxe5 27. Re1 Qc7 28. Qxa7 Qd6 29. Qe3 Bh2+ 30. Kh1 Bd5 31. Qxh6 Bg3 32. Bc5
Qf6 33. Re7 Bf7 34. Qxf8+ Kxf8 35. Re6+ Kg7 36. Bf8+ Kxf8 37. Rxf6 Ke7 38.
Rxc6 g5 39. Nc5 1-0